| 000 | 00640nam a2200217 u 4500 | ||
|---|---|---|---|
| 005 | 20240605063914.0 | ||
| 008 | 130911s2011 ag r 000 0 spa d | ||
| 020 | _a9789501261547 | ||
| 035 | _aUPN01000192785 | ||
| 049 | _aCG | ||
| 050 | 4 |
_aLB1025.3 _bS2.2 |
|
| 245 | 0 | 3 |
_aEl saber didáctico / _ccomp. Alicia R. W. de Camilloni. |
| 260 |
_aBuenos Aires : _bPaidós, _c2011. |
||
| 300 | _a231 p. | ||
| 440 | 0 |
_aBiblioteca de cuestiones de educación ; _v54 |
|
| 650 | 4 |
_aEnseñanza _xMetodología _97684 |
|
| 700 | 1 |
_aCamilloni, Alicia R. W. de, _d1936- _ecomp. _936864 |
|
| 905 | _aLibro | ||
| 999 |
_c164887 _d164887 |
||